Hegemony and culture : politics and religious change among the Yoruba /

Bibliographic Details
Main Author: Laitin, David D.
Format: Book
Language:English
Published: Chicago : University of Chicago Press, [1986]
Subjects:

MARC

Tag First Indicator Second Indicator Subfields
LEADER 00000pam a2200000 a 4500
001 in00000577355
005 20151014073359.0
008 851118s1986 ilua b 00110 eng
010 |a  85028871  
020 |a 0226467899 
020 |a 0226467902 (pbk.) 
035 |a (OCoLC)12946946 
035 |9 ACP4378AM 
039 0 |a 2  |b 3  |c 3  |d 3  |e 3 
040 |a DLC  |c DLC  |d m/c  |d TXA  |d UtOrBLW 
043 |a f-nr--- 
049 |a TXAM  |c [A10118983] 
050 0 0 |a DT515.45.Y67  |b L35 1986 
082 0 |a 306/.089963  |2 19 
100 1 |a Laitin, David D. 
245 1 0 |a Hegemony and culture :  |b politics and religious change among the Yoruba /  |c David D. Laitin. 
264 1 |a Chicago :  |b University of Chicago Press,  |c [1986] 
264 4 |c ©1986 
300 |a xiii, 252 pages :  |b illustrations ;  |c 24 cm. 
336 |a text  |b txt  |2 rdacontent 
337 |a unmediated  |b n  |2 rdamedia 
338 |a volume  |b nc  |2 rdacarrier 
500 |a Includes index. 
504 |a Bibliography: pages 207-240. 
650 0 |a Yoruba (African people)  |x Politics and government. 
650 0 |a Yoruba (African people)  |x Religion. 
999 |a MARS 
999 f f |s bd590cd0-159f-3a6f-bbc7-fb8774a17d0f  |i 73e0e5ab-5f37-3744-a7ee-6f95e3e7dfa0  |t 0 
952 f f |p normal  |a Texas A&M University  |b College Station  |c Sterling C. Evans Library  |d Evans: Library Stacks  |t 0  |e DT515.45.Y67 L35 1986  |h Library of Congress classification  |i unmediated -- volume  |m A14810118983 
998 f f |a DT515.45.Y67 L35 1986  |t 0  |l Evans: Library Stacks